00916nam a2200217 i 4500001000400000245026300004260006800267300003400335505003700369650002000406650002600426650002400452650002600476655001500502700002700517710008200544020001500626040000800641041000800649008004100657bgj00aInformation seeking :bbasing services on users' behaviors : proceedings of the twenty-fourth annual symposium of the graduate alumni and faculty of the Rutgers School of Communication, Information, and Library Studies, 10 April 1986 /cJana Varlejs, editor. aJefferson, NC ;aLondon :bMcFarland & Company, Inc.,cc. 1987. aIX, 84 pp :bgraphs ;c22 cm. aBibliography after each chapter. 9aLibrary science 9aLibraries and readers 9aLibrary orientation 9aInformation retrieval aCongresses1 aVARLEJS, Jana.eeditorp0aRutgers University. School of Communication, Information, and Library Studies a0899502547 cBPK0 aeng s uk f |000 0 eng